Surrealism, Quantum philosophy and World War I
Αποθηκεύτηκε σε:
| Κύριος συγγραφέας: | |
|---|---|
| Μορφή: | Βιβλίο |
| Γλώσσα: | English |
| Δημοσίευση: |
New York :
Garland,
1987
|
| Σειρά: | Modern European history
|
| Θέματα: | |
| Ετικέτες: |
Προσθήκη ετικέτας
Δεν υπάρχουν, Καταχωρήστε ετικέτα πρώτοι!
|
MARC
| LEADER | 00000nam a2200000 i 4500 | ||
|---|---|---|---|
| 001 | 1/97331 | ||
| 008 | 950214s1987 eng d | ||
| 020 | |a 0-8240-8068-8 | ||
| 035 | |l 10010517 | ||
| 040 | |a GR-MY-UA |b gre |e aacr | ||
| 041 | 0 | |a eng | |
| 082 | 0 | |a 840.900912 | |
| 100 | 1 | |a Williams, Virginia Parrott. | |
| 245 | 1 | 0 | |a Surrealism, Quantum philosophy and World War I / |c Virginia Parrott Williams |
| 260 | |a New York : |b Garland, |c 1987 | ||
| 300 | |a 320 p. | ||
| 490 | 1 | |a Modern European history | |
| 504 | |a Includes bibliographical references | ||
| 650 | 0 | 0 | |a French literature |y 20th century |x History and criticism. |
| 650 | 0 | 0 | |a World War, 1914-1918 |x Literature and the war. |
| 650 | 0 | 0 | |a Surrealism (Literature) |z France. |
| 650 | 0 | 0 | |a Quantum theory. |
| 650 | 0 | 0 | |a Physics |z France |x History |y 20th century. |
| 830 | 0 | |a Modern European history | |
| 852 | |a INST |b LESVOS |e 19950214 |h 840.900912 WIL |p 005100002966 |q 005100002966 |t BK |y 0 | ||
| 909 | |a Λ |b 035305 | ||